BeiDou GNSS receiver design and implementation on arm cortex A-9 processor (Zynq SoC) (Record no. 331531)
[ view plain ]
| 000 -LEADER | |
|---|---|
| fixed length control field | 00569nam a2200157 4500 |
| 082 ## - DEWEY DECIMAL CLASSIFICATION NUMBER | |
| Classification number | BEE-5 OMA |
| 100 ## - MAIN ENTRY--PERSONAL NAME | |
| Personal name | Omar Misbah Shami | Momin Munir | Rana Ahmad Bilal |
| 245 ## - TITLE STATEMENT | |
| Title | BeiDou GNSS receiver design and implementation on arm cortex A-9 processor (Zynq SoC) |
| 260 ## - PUBLICATION, DISTRIBUTION, ETC. | |
| Place of publication, distribution, etc. | Islamabad |
| Name of publisher, distributor, etc. | NUST-SEECS |
| Date of publication, distribution, etc. | 2017 |
| 300 ## - PHYSICAL DESCRIPTION | |
| Extent | 53p. |
| Accompanying material | CD Includes |
| 563 ## - BINDING INFORMATION | |
| Binding note | HBK |
| 856 ## - Uniform Resource Identifier | |
| Uniform Resource Identifier | <a href="http://10.250.8.41:8080/xmlui/handle/123456789/21452">http://10.250.8.41:8080/xmlui/handle/123456789/21452</a> |
| 942 ## - ADDED ENTRY ELEMENTS (KOHA) | |
| Source of classification or shelving scheme | |
| Koha item type | Thesis |
| Withdrawn status | Lost status | Source of classification or shelving scheme | Damaged status | Not for loan | Collection code | Permanent Location | Current Location | Shelving location | Date acquired | Source of acquisition | Full call number | Barcode | Date last seen | Price effective from | Koha item type |
|---|---|---|---|---|---|---|---|---|---|---|---|---|---|---|---|
| WITHDRAWN | Central Library (CL) | Central Library (CL) | General Stacks | 10/03/2017 | NUST-SEECS | BEE-5 OMA | SEECSP02079 | 10/03/2017 | 10/03/2017 | Project Report | |||||
| WITHDRAWN | Central Library (CL) | Central Library (CL) | Thesis | 06/22/2021 | 621.3 | CL-BP-717 | 06/22/2021 | 06/22/2021 | Thesis |
